000
00193nam a22000857a 4500
001
1237538
005
20251003111553.0
245
_a
BENİM ADIM MARCO POLO
_c
NURİA BARBA
260
_b
ALTIN KİTAPKAR
999
_c
1237538
_d
1237538